00000000cas 2200000zi 4500
0019.886947
003CaOODSP
00520260211154328
006m     o  d f      
007cr cn ||||||||
008150406c20099999mbcar p o s  f0   a0eng|d
022 |a1920-9037
040 |aCaOODSP|beng|erda|cCaOODSP
043 |an-cnp--
0861 |aA92-16E-PDF
1300 |aQuality of western Canadian lentils (2009)
222 0|aQuality of western Canadian lentils |b(2009)
24510|aQuality of western Canadian lentils.
264 1|aWinnipeg, MB : |bCanadian Grain Commission = Commission canadienne des grains, |c[2010?]-
310 |aAnnual
336 |atext|btxt|2rdacontent
337 |acomputer|bc|2rdamedia
338 |aonline resource|bcr|2rdacarrier
3621 |aBegan with: 2009.
500 |aIssued also in French under title: Qualité des lentilles de l'Ouest canadien.
550 |aIssued by: Grain Research Laboratory.
580 |aContinues in part: Quality of western Canadian pulse crops.
588 |aDescription based on: 2009; title from PDF cover page.
588 |aLatest issue consulted: 2024.
650 0|aLentils|xQuality|zCanada, Western|vPeriodicals.
655 7|aPeriodicals|2lcgft
7102 |aCanadian Grain Commission, |eissuing body.
7102 |aGrain Research Laboratory (Canada), |eissuing body.
77508|tQualité des lentilles de l'Ouest canadien.|w(CaOODSP)9.887003
78000|tQuality of western Canadian pulse crops |w(CaOODSP)9.507251